000 00376 a2200169 4500
001 189092
020 _a978-85-16-04546-3
040 _cMagnum
100 _aBandeira, Pedro
240 1 0 _aPor enquanto eu sou pequeno
_lpor
245 1 0 _aPor enquanto eu sou pequeno
300 _a40
362 0 _a2009
440 1 _aModerna
697 _aLITERATURA INFANTO
942 _cBK
999 _c189092
_d189092